000 00764 a2200229 4500
003 Nust
005 20170207153424.0
010 _a 97065172
020 _a0312148283
040 _cNust
082 0 0 _a355.03
100 1 _aSnow, Donald M.,
245 1 0 _aNational security :
_bdefense policy in a changed international order /
_cDonald M. Snow.
250 _a4th ed.
260 _aNew York :
_bSt. Martin's Press,
_cc1998.
300 _aviii, 344 p. :
_bill., maps ;
_c24 cm.
505 _aThe Context (Page-21), The Changing World (Page-126), Responding to a New World (Page-259),
538 _aAlmirah No.53 Shelf No.5
650 0 _aNational security
_zUnited States.
651 0 _aEurope
_xPolitics and government
_y1989-
651 0 _aUnited States
_xDefenses.
942 _2ddc
_cBK
999 _c185825
_d185825